Sermón que predicó el Presbítero Don Joaquín Larraín Gandarillas el viernes 18 de abril de 1851, en presencia del Ilustrísimo t Reverendísimo señor Arzobispo de Santiago, del Cabildo y clero de la Iglesia Metropolitana
Gardado en:
| Autor Principal: | |
|---|---|
| Formato: | Libro |
| Idioma: | Lingua castelá |
| Publicado: |
Santiago
Imprenta de La Sociedad
1854
|
| Edición: | 1a. ed |
| Subjects: | |
| Tags: |
Engadir etiqueta
Sen Etiquetas, Sexa o primeiro en etiquetar este rexistro!
|
MARC
| LEADER | 00000nam a2200000 a 4500 | ||
|---|---|---|---|
| 001 | UCJ4803 | ||
| 003 | CL-VaPUC | ||
| 008 | 070124e18540500CL |||||||||||||||||spa|d | ||
| 082 | 0 | 4 | |a 242.3 |b LAR |2 21 |
| 100 | |a Larraín Gandarillas, Joaquín |e author |9 512872 | ||
| 245 | 1 | 0 | |a Sermón que predicó el Presbítero Don Joaquín Larraín Gandarillas el viernes 18 de abril de 1851, en presencia del Ilustrísimo t Reverendísimo señor Arzobispo de Santiago, del Cabildo y clero de la Iglesia Metropolitana |
| 250 | |a 1a. ed | ||
| 300 | |a 17 p | ||
| 942 | |c BK | ||
| 945 | |d 20070124 00:00:00 |a rinostro | ||
| 260 | |a Santiago |b Imprenta de La Sociedad |c 1854 | ||
| 500 | |a Notas autógrafas de Rafael Eyzaguirre. Folleto empastado junto a otros en un volumen rotulado S.D. JOAQUIN LARRAIN G.; ubicación 983 LAR | ||
| 650 | 0 | |a Semana Santa |9 399216 | |
| 650 | 7 | |a PASTORAL |2 CL-VaPUC |9 397996 | |
| 650 | 0 | |a Oratoria sagrada |9 315619 | |
| 583 | |a last modification |c 20070124 00:00:00 |k Rodrigo Vera | ||
| 999 | |c 320918 |d 320916 | ||
| 952 | |0 0 |1 0 |4 0 |6 242_300000000000000_LAR_1854 |7 0 |8 X |9 399552 |a FDOBUD |b FDOBUD |d 2019-11-22 |i 1026100 |o 242.3 LAR 1854 |p 1026100 |r 2019-11-22 |w 2019-11-22 |y BK_X |k BUD | ||